| 000 | 00756nam a2200229 a 4500 | ||
|---|---|---|---|
| 005 | 20150722020002.0 | ||
| 008 | 140127b2005 ck ||||| |||| 00| 0 spa d | ||
| 041 | _aspa | ||
| 044 | _ack | ||
| 090 |
_aIAVH _b00520 |
||
| 100 |
_aYepes, Adriana _95146 |
||
| 245 | _aAproximación al estado de las actividades de investigación y cooperación científica y técnica sobre medio ambiente con énfasis en biodiversidad 2005 | ||
| 260 |
_aBogotá _bInstituto Alexander von Humboldt _c2005 |
||
| 300 | _a40 p. | ||
| 700 |
_aGalindo, Pilar _95068 |
||
| 700 |
_aFandiño, María Claudia _94213 |
||
| 700 |
_aCastillo , Enrique _95147 |
||
| 700 |
_aRincón, Nadeyda _95148 |
||
| 700 |
_aRivera, Héctor _95149 |
||
| 942 |
_cCD-ROM _2ddc _03 |
||
| 945 | _d2006-01-16 | ||
| 999 |
_c5166 _d5166 |
||